| 000 | 00417nam a2200109Ia 4500 | ||
|---|---|---|---|
| 008 | 160909s9999 xx 000 0 und d | ||
| 100 | _aPeaslee, Deidra. | ||
| 245 | 4 | _aThe relationship between faculty confirmation behaviors and community college student self-efficacy | |
| 260 |
_bSaint Mary's University of Minnesota _c2016 |
||
| 650 | _aEDUC/SPED | ||
| 856 | _uhttp://pqdtopen.proquest.com/doc/1802828002.html?FMT=ABS | ||
| 999 |
_c305073 _d305073 |
||